000 00594nam a2200181Ia 4500
008 100920s9999 xx 000 0 und d
082 _b98068
_a24 न 06
100 _aमाने राजेंद्र.
245 _aप्रवाहातील नौका.
260 _bपायल पब्लिकेशन, पुणे.
_c2006
300 _a160
_bसाधी
365 _b150
520 _aसायो.
630 _aप्रवाहातील नौका.
650 _aसायो.
730 _aप्रवाहातील नौका.
942 _cBOOK
999 _c738506
_d738503